Monograph series on languages and linguistics : report of the nineteenth annual round table meetingon linguistics and language studies

Guardat en:
Dades bibliogràfiques
Format: Llibre
Idioma:Undetermined
Publicat: Washington, Estados Unidos Georgetown University 1968
Matèries:
Etiquetes: Afegir etiqueta
Sense etiquetes, Sigues el primer a etiquetar aquest registre!

MARC

LEADER 00000nam a2200000Ia 4500
008 170316s9999 xx 000 0 und d
090 |a 410 M-19m 
245 |a Monograph series on languages and linguistics : report of the nineteenth annual round table meetingon linguistics and language studies 
260 |a Washington, Estados Unidos 
260 |b Georgetown University 
260 |c 1968 
300 |a 224 páginas 
650 |a LINGÜÍSTICA 
999 |c 18595  |d 18595 
040 |a cru BVZT 
942 |c 15 D  |h 410 M-19m  |2 z